[Event "Championnats de la Loire jeunes 2011 - P"]
[Site "Roanne"]
[Date "2011.10.23"]
[Round "5.2"]
[White "Langle, Axelle"]
[Black "Lempereur, Theo"]
[Result "1-0"]
[WhiteElo "1230"]
[BlackElo "1099"]
[PlyCount "95"]
[EventDate "2011.??.??"]

1. c4 e5 2. Nc3 Nf6 3. g3 Bc5 4. Bg2 d6 5. Nf3 Bg4 6. O-O O-O 7. d3 Qd7 8. Ng5
Bh3 9. Nxh3 Ng4 10. Ng5 c6 11. Bd2 Bxf2+ 12. Kh1 Be3 13. Qc2 Bxg5 14. Bxg5 d5
15. cxd5 e4 16. Bxe4 f6 17. Bf5 Qf7 18. Be6 Qxe6 19. dxe6 fxg5 20. e7 Rxf1+ 21.
Rxf1 Nd7 22. d4 Ngf6 23. Ne4 Re8 24. Qb3+ Kh8 25. Qf3 h6 26. Qg2 Rxe7 27. Nxf6
gxf6 28. Rf5 Rh7 29. Qf2 Rf7 30. e4 Kg7 31. h4 Kg6 32. g4 h5 33. gxh5+ Kxh5 34.
e5 Kg6 35. hxg5 Rh7+ 36. Kg2 fxe5 37. Kg3 Rh5 38. Rf6+ Kh7 39. Qf5+ Kh8 40.
Qxd7 Rxg5+ 41. Kf3 e4+ 42. Kxe4 Rg4+ 43. Qxg4 Kh7 44. a4 b5 45. axb5 cxb5 46.
b4 a5 47. Qg5 Kh8 48. Rh6# 1-0

[Event "Championnats de la Loire jeunes 2011 - P"]
[Site "Roanne"]
[Date "2011.10.23"]
[Round "5.3"]
[White "Poyet, Louis"]
[Black "Amaranto, Arthur"]
[Result "0-1"]
[WhiteElo "1099"]
[BlackElo "1260"]
[PlyCount "40"]
[EventDate "2011.??.??"]

1. e4 e5 2. Nf3 Nf6 3. Nc3 Nc6 4. Bc4 Nd4 5. O-O Nxf3+ 6. Qxf3 Bb4 7. d3 O-O 8.
Bg5 Qe8 9. Nd5 Rb8 10. Bxf6 gxf6 11. Qg3+ Kh8 12. Nxc7 Qd8 13. Nd5 Rg8 14. Qh4
Qf8 15. Nxf6 Be7 16. Nxg8 Bxh4 17. Rad1 Qxg8 18. c3 d6 19. Rfe1 Bh3 20. Rc1
Qxg2# 0-1

[Event "Championnats de la Loire jeunes 2011 - P"]
[Site "Roanne"]
[Date "2011.10.23"]
[Round "5.4"]
[White "Jandeau, Kelvin"]
[Black "Avetikyan, Samuel"]
[Result "1-0"]
[WhiteElo "1099"]
[BlackElo "1099"]
[PlyCount "153"]
[EventDate "2011.??.??"]

1. e4 e5 2. Qh5 g6 3. Qxe5+ Be7 4. Qxh8 Bf6 5. Qxg8+ Ke7 6. Qxd8+ Kxd8 7. Nf3
Nc6 8. Bc4 Ke8 9. O-O Na5 10. e5 Bg7 11. Bd5 c6 12. Be4 Ke7 13. Nc3 d5 14. Bd3
Bg4 15. b4 Nc4 16. Bxc4 dxc4 17. Ng5 h6 18. Nge4 Bxe5 19. h3 Bf5 20. Nc5 Rd8
21. Nxb7 Rb8 22. Nc5 Rxb4 23. Ba3 Rb8 24. Nd3+ Ke6 25. Nxe5 Bxc2 26. Nxc6 Ra8
27. Rfe1+ Kd7 28. Ne5+ Ke6 29. Rec1 Bf5 30. Rab1 Bxb1 31. Rxb1 Kxe5 32. Rb7 Kf6
33. Bb2 Ke6 34. g3 Rd8 35. Bc1 a5 36. Ra7 Ke5 37. Rxa5+ Kd4 38. f4 Kd3 39. g4
Re8 40. Kf2 Kc2 41. Ba3 Kxd2 42. Nd5 c3 43. Nb4 c2 44. Bb2 Rc8 45. a4 c1=Q 46.
Bxc1+ Rxc1 47. Ra8 g5 48. fxg5 hxg5 49. a5 Re1 50. a6 Re2+ 51. Kf3 Re3+ 52. Kg2
Re2+ 53. Kf3 Re3+ 54. Kg2 Re2+ 55. Kg3 Re3+ 56. Kf2 Re2+ 57. Kf1 Re1+ 58. Kg2
Re2+ 59. Kg3 Ke3 60. Nd5+ Kd4 61. Kf3 Re5 62. Rd8 Rxd5 63. Rxd5+ Kxd5 64. a7
Kc6 65. a8=Q+ Kd6 66. Qa5 f6 67. Ke4 Ke6 68. Qa6+ Kf7 69. Kf5 Kg7 70. Qxf6+ Kh7
71. Qg6+ Kh8 72. Qb6 Kg7 73. Qc6 Kg8 74. Qc7 Kf8 75. Ke6 Kg8 76. Kf6 Kh8 77.
Qg7# 1-0

[Event "Championnats de la Loire jeunes 2011 - P"]
[Site "Roanne"]
[Date "2011.10.23"]
[Round "5.5"]
[White "Grischy, Quentin"]
[Black "Guillermin, Jules"]
[Result "1-0"]
[WhiteElo "1099"]
[BlackElo "1099"]
[PlyCount "41"]
[EventDate "2011.??.??"]

1. e4 h5 2. Nf3 g6 3. Nc3 f5 4. exf5 gxf5 5. Bc4 Rh6 6. d3 d5 7. Bxh6 Bxh6 8.
Nxd5 Qd6 9. Nxc7+ Qxc7 10. Bxg8 Bd7 11. Bc4 Nc6 12. Bd5 O-O-O 13. Bxc6 Bxc6 14.
O-O Qb6 15. b3 Be3 16. Qe2 Bc5 17. h4 Bd6 18. Rfe1 Rf8 19. Qe3 Qc7 20. c4 Bc5
21. Qe5 1-0

[Event "Championnats de la Loire jeunes 2011 - P"]
[Site "Roanne"]
[Date "2011.10.23"]
[Round "5.6"]
[White "Malchere, Lenny"]
[Black "Riviere, Romain"]
[Result "1-0"]
[WhiteElo "1099"]
[BlackElo "1099"]
[PlyCount "51"]
[EventDate "2011.??.??"]

1. e4 e5 2. Nc3 Nf6 3. Nf3 Nc6 4. Bb5 a6 5. Bxc6 bxc6 6. O-O Bb4 7. Nxe5 O-O 8.
a3 Bxc3 9. Ng4 Nxe4 10. Qf3 Re8 11. d3 Nc5 12. Be3 Bd2 13. Bxd2 Rb8 14. Be3 Na4
15. Qf4 Nxb2 16. Rab1 Na4 17. Rxb8 Qe7 18. Rb4 Nc5 19. Bxc5 d6 20. Be3 Qd8 21.
Ra4 Re7 22. Ra5 Qe8 23. Rh5 g6 24. Qd4 h6 25. Qf4 gxh5 26. Nxh6+ 1-0

[Event "Championnats de la Loire jeunes 2011 - P"]
[Site "Roanne"]
[Date "2011.10.23"]
[Round "5.7"]
[White "Labrosse, Enzo"]
[Black "Granier, Thomas"]
[Result "1-0"]
[WhiteElo "1099"]
[BlackElo "1099"]
[PlyCount "57"]
[EventDate "2011.??.??"]

1. e4 e5 2. Nf3 Bc5 3. Nxe5 f6 4. Nd3 Ne7 5. Nxc5 d6 6. Bb5+ Bd7 7. Bxd7+ Qxd7
8. Nxd7 Nxd7 9. O-O O-O-O 10. Nc3 Nd5 11. exd5 c6 12. dxc6 bxc6 13. Qg4 Rhe8
14. Ne2 Re4 15. Qxe4 d5 16. Qe6 Rg8 17. Qxg8+ Kc7 18. Nd4 Nf8 19. Qxf8 Kb6 20.
Qxg7 Ka5 21. Nxc6+ Ka6 22. Nxa7 Ka5 23. Qxf6 d4 24. Qxd4 Ka6 25. Qe5 Kxa7 26.
Qf6 Kb7 27. Qg7+ Ka8 28. Re1 Kb8 29. Re8# 1-0

[Event "Championnats de la Loire jeunes 2011 - P"]
[Site "Roanne"]
[Date "2011.10.23"]
[Round "6.1"]
[White "Thizy, Nicolas"]
[Black "Grischy, Quentin"]
[Result "1/2-1/2"]
[WhiteElo "1099"]
[BlackElo "1099"]
[PlyCount "128"]
[EventDate "2011.??.??"]

1. e4 c6 2. d4 c5 3. d5 Qb6 4. Nc3 e6 5. Nf3 Bd6 6. Bb5 Ne7 7. O-O O-O 8. Bg5
Re8 9. Bxe7 Rxe7 10. dxe6 dxe6 11. Ng5 h6 12. e5 Bxe5 13. Re1 Bxc3 14. bxc3 Bd7
15. Bxd7 Rxd7 16. Qf3 Qd8 17. Ne4 Nc6 18. Nxc5 Rc7 19. Nxb7 Qe7 20. Na5 Rac8
21. Nxc6 Rxc6 22. Qe3 Rxc3 23. Qc1 Qg5 24. Qxg5 hxg5 25. Re5 Rxc2 26. h3 f6 27.
Rxe6 Kf7 28. Ra6 Kg6 29. Rxa7 Rd2 30. Kh2 Rxf2 31. a4 Rh8 32. Kg3 Rf5 33. a5
Re8 34. Rd7 Re3+ 35. Kh2 Ree5 36. a6 Ra5 37. Rxa5 Rxa5 38. a7 Kf5 39. Kg3 g6
40. Rg7 Ra3+ 41. Kh2 Ra4 42. g3 Ra2+ 43. Kg1 g4 44. hxg4+ Kxg4 45. Rxg6+ Kf5
46. Rg7 Ra1+ 47. Kf2 Ke4 48. Kg2 f5 49. Re7+ Kd5 50. Kf3 Ra4 51. Rb7 Ke6 52.
Rg7 Kf6 53. Rb7 Ke5 54. Rb5+ Kf6 55. Rb6+ Kg5 56. Rb7 Ra3+ 57. Kg2 f4 58. gxf4+
Kxf4 59. Rf7+ Ke5 60. Kf2 Kd6 61. Ke2 Kc6 62. Kd2 Kb6 63. Kc2 Rxa7 64. Rxa7
Kxa7 1/2-1/2

[Event "Championnats de la Loire jeunes 2011 - P"]
[Site "Roanne"]
[Date "2011.10.23"]
[Round "6.2"]
[White "Amaranto, Arthur"]
[Black "Langle, Axelle"]
[Result "0-1"]
[WhiteElo "1260"]
[BlackElo "1230"]
[PlyCount "82"]
[EventDate "2011.??.??"]

1. e4 c5 2. Nf3 Nc6 3. Bc4 g6 4. O-O Bg7 5. d3 Nf6 6. Nc3 O-O 7. Nd5 d6 8.
Nxf6+ Bxf6 9. Bh6 Bg7 10. Bxg7 Kxg7 11. Ng5 Ne5 12. Bd5 Bg4 13. f3 Bc8 14. Qe1
h6 15. Nh3 Bxh3 16. gxh3 e6 17. Bb3 Qb6 18. Rf2 Kg8 19. f4 Nc6 20. Qe2 Nd4 21.
Qg4 h5 22. Qg5 Rad8 23. Raf1 Rd7 24. c3 Nxb3 25. axb3 Qxb3 26. Rg2 Kh7 27. f5
Rg8 28. fxe6 Qxe6 29. Rf6 Qe8 30. Rgf2 Rc7 31. R2f4 Rg7 32. Rh4 Qa4 33. Rxh5+
gxh5 34. Qxg7+ Kxg7 35. Rf1 Re7 36. Kh1 Qc2 37. Kg1 Re5 38. Rf2 Rg5+ 39. Kf1
Qxd3+ 40. Ke1 Rg1+ 41. Rf1 Rxf1# 0-1

[Event "Championnats de la Loire jeunes 2011 - P"]
[Site "Roanne"]
[Date "2011.10.23"]
[Round "6.3"]
[White "Poyet, Louis"]
[Black "Jandeau, Kelvin"]
[Result "1-0"]
[WhiteElo "1099"]
[BlackElo "1099"]
[PlyCount "181"]
[EventDate "2011.??.??"]

1. e4 e5 2. Nf3 Nc6 3. Bc4 Nf6 4. Ng5 Qe7 5. Bxf7+ Kd8 6. Bd5 Nxd5 7. exd5 Nd4
8. Nc3 Qxg5 9. d3 Qxg2 10. Rf1 d6 11. Ne2 Be7 12. Be3 Bf6 13. Qd2 Qf3 14. Bxd4
exd4 15. O-O-O h6 16. Ng1 Qg2 17. Rde1 Bg5 18. f4 Bh4 19. Qxg2 Bxe1 20. Rxe1
Rg8 21. Qe4 Bd7 22. Qh7 Rf8 23. Nh3 Bxh3 24. Rf1 Bxf1 25. f5 Re8 26. f6 gxf6
27. Qf7 a5 28. Qxf6+ Kc8 29. Qf7 Rd8 30. Qxf1 b6 31. Qh3+ Kb7 32. Qxh6 Rf8 33.
b3 Rh8 34. Qf4 Raf8 35. Qg3 Re8 36. h4 Re2 37. Qg4 Re1+ 38. Kb2 Ree8 39. h5
Reg8 40. Qf5 Rh6 41. Qf7 Rgh8 42. Qd7 Rxh5 43. Ka3 Rxd5 44. Qe6 Rhh5 45. Qe4
Rhe5 46. Qh7 b5 47. b4 a4 48. Qd7 Re1 49. Qf7 Rg5 50. Qd7 Rgg1 51. Qxb5+ Kc8
52. Qxa4 Re5 53. Qa6+ Kd7 54. Qa4+ Kd8 55. Qa8+ Ke7 56. Qc8 Rgg5 57. Qxc7+ Kf6
58. Qxd6+ Re6 59. Qf8+ Ke5 60. Qc8 Rgg6 61. c3 Ra6+ 62. Kb3 Rgc6 63. Qb7 Rab6
64. Qe7+ Re6 65. Qc5+ Kf6 66. cxd4 Rbc6 67. Qa7 Rcd6 68. Ka4 Re3 69. b5 Ree6
70. Ka3 Kf5 71. Kb4 Rd5 72. Kc4 Red6 73. a4 Rd8 74. a5 Rc8+ 75. Kb4 Rdd8 76. a6
Ra8 77. Qc5+ Ke6 78. a7 Rd5 79. Qc6+ Rd6 80. Qxa8 Rxd4+ 81. Kc3 Rd7 82. Qb8 Rd5
83. a8=Q Rc5+ 84. Kb4 Rc1 85. Qf4 Rb1+ 86. Kc5 Rb3 87. Qc4+ Ke7 88. Qxb3 Kd7
89. Qe4 Kd8 90. Qh7 Kc8 91. Qbg8# 1-0

[Event "Championnats de la Loire jeunes 2011 - P"]
[Site "Roanne"]
[Date "2011.10.23"]
[Round "6.4"]
[White "Lempereur, Theo"]
[Black "Millet, Guillaume"]
[Result "0-1"]
[WhiteElo "1099"]
[BlackElo "1099"]
[PlyCount "64"]
[EventDate "2011.??.??"]

1. e4 e5 2. Nf3 Nc6 3. Nc3 Nf6 4. Bc4 Bc5 5. O-O O-O 6. d3 d6 7. Bg5 Nd4 8. Nd5
c6 9. c3 Nxf3+ 10. Qxf3 cxd5 11. Bxd5 Qe8 12. Bxf6 gxf6 13. Qg3+ Kh8 14. d4
exd4 15. cxd4 Bxd4 16. Qxd6 Be5 17. Qb4 a5 18. Qd2 Qd8 19. Qh6 Rg8 20. Bxf7 Rg7
21. Rad1 Qf8 22. Bd5 Bg4 23. f3 Bd7 24. f4 Bg4 25. fxe5 Be2 26. Rxf6 Qc5+ 27.
Kh1 Bxd1 28. Rf7 Rag8 29. Rxg7 Rxg7 30. e6 Qf8 31. h4 Qf2 32. Qc1 Qxg2# 0-1

[Event "Championnats de la Loire jeunes 2011 - P"]
[Site "Roanne"]
[Date "2011.10.23"]
[Round "6.5"]
[White "Guillermin, Jules"]
[Black "Barret, Hugo"]
[Result "1-0"]
[WhiteElo "1099"]
[BlackElo "1099"]
[PlyCount "57"]
[EventDate "2011.??.??"]

1. e4 e5 2. Be2 Nc6 3. Nf3 Nf6 4. O-O Bc5 5. Nc3 O-O 6. d3 d6 7. Nd5 Nh5 8. Qd2
Be6 9. b3 h6 10. Bb2 f6 11. Rae1 Qe7 12. Nxe7+ Nxe7 13. Nh4 g5 14. Nf3 Rad8 15.
d4 exd4 16. Nxd4 f5 17. Nxe6 Rd7 18. Nxf8 Kxf8 19. exf5 Nxf5 20. Bxh5 d5 21.
Qe2 Be7 22. f4 d4 23. Bg4 Ne3 24. Bxd4 b6 25. Bxd7 c5 26. Qxe3 gxf4 27. Qxe7+
Kg8 28. Rxf4 cxd4 29. Rf8# 1-0

[Event "Championnats de la Loire jeunes 2011 - P"]
[Site "Roanne"]
[Date "2011.10.23"]
[Round "6.6"]
[White "Riviere, Romain"]
[Black "Labrosse, Enzo"]
[Result "0-1"]
[WhiteElo "1099"]
[BlackElo "1099"]
[PlyCount "50"]
[EventDate "2011.??.??"]

1. e4 e5 2. Bc4 Nf6 3. d3 d5 4. exd5 Nxd5 5. Bxd5 Qxd5 6. Bg5 Qxg2 7. Nf3 Qxh1+
8. Ng1 Qxg1+ 9. Ke2 Qxg5 10. Ke1 Bg4 11. f3 Qh4+ 12. Ke2 Qxh2+ 13. Ke3 Bc5+ 14.
d4 Bxd4+ 15. Qxd4 exd4+ 16. Kxd4 O-O 17. Nc3 Rd8+ 18. Kc4 Be6+ 19. Nd5 Bxd5+
20. Kb4 a5+ 21. Ka3 Qxc2 22. Re1 Ra6 23. Re7 Rb6 24. f4 Qxb2+ 25. Ka4 Qxa2# 0-1

[Event "Championnats de la Loire jeunes 2011 - P"]
[Site "Roanne"]
[Date "2011.10.23"]
[Round "6.7"]
[White "Granier, Thomas"]
[Black "Malchere, Lenny"]
[Result "0-1"]
[WhiteElo "1099"]
[BlackElo "1099"]
[PlyCount "20"]
[EventDate "2011.??.??"]

1. Nf3 d5 2. g3 Nh6 3. Bh3 Bxh3 4. Ng1 Bg2 5. d4 Bxh1 6. Bd2 Nf5 7. Nf3 Bg2 8.
Nc3 Bxf3 9. Be3 Nxe3 10. Qd3 Ng2+ {0-0-0 coup interdit} 0-1

[Event "Championnats de la Loire jeunes 2011 - P"]
[Site "Roanne"]
[Date "2011.10.23"]
[Round "7.1"]
[White "Thizy, Nicolas"]
[Black "Poyet, Louis"]
[Result "1-0"]
[WhiteElo "1099"]
[BlackElo "1099"]
[PlyCount "121"]
[EventDate "2011.??.??"]

1. e4 e5 2. Nc3 Nc6 3. Nf3 Nf6 4. Bb5 Bb4 5. Bxc6 dxc6 6. Na4 Bg4 7. O-O Bxf3
8. Qxf3 O-O 9. Qb3 a5 10. d3 h6 11. c3 b5 12. cxb4 axb4 13. Nc5 Qd4 14. Be3 Qd8
15. Qxb4 Ng4 16. Rad1 Qh4 17. h3 Nxe3 18. fxe3 Qg3 19. Nd7 Qxe3+ 20. Rf2 Rfd8
21. Nxe5 Qb6 22. Kf1 Rd4 23. Qc3 Rda4 24. a3 b4 25. axb4 Rxb4 26. Nxc6 Rb3 27.
Qc4 Rxb2 28. Qxf7+ Kh7 29. Ne5 Rb1 30. Rxb1 Qxb1+ 31. Ke2 Qb8 32. Ng4 Qg8 33.
Nf6+ Kh8 34. Nxg8 Ra2+ 35. Ke3 Ra6 36. Nxh6 Rxh6 37. Qxc7 Rg6 38. Qd8+ Kh7 39.
Rf4 Rh6 40. Qg5 Rg6 41. Qxg6+ Kxg6 42. d4 Kh6 43. Rh4+ Kg6 44. Rg4+ Kf6 45.
Rxg7 Kxg7 46. d5 Kf7 47. h4 Kf6 48. h5 Kg7 49. d6 Kf7 50. h6 Kf8 51. h7 Kg7 52.
d7 Kxh7 53. d8=Q Kg6 54. Qf8 Kg5 55. Kd4 Kg4 56. Ke5 Kg3 57. Qf7 Kg4 58. Qf4+
Kh5 59. Qg3 Kh6 60. Kf6 Kh7 61. Qg7# 1-0

[Event "Championnats de la Loire jeunes 2011 - P"]
[Site "Roanne"]
[Date "2011.10.23"]
[Round "7.2"]
[White "Langle, Axelle"]
[Black "Grischy, Quentin"]
[Result "1/2-1/2"]
[WhiteElo "1230"]
[BlackElo "1099"]
[PlyCount "52"]
[EventDate "2011.??.??"]

1. c4 e5 2. Nc3 Nc6 3. g3 Bd6 4. Bg2 Rb8 5. d3 h6 6. Nf3 Nf6 7. O-O O-O 8. Bd2
Qe7 9. a3 b6 10. Rc1 Bb7 11. Qc2 Nd4 12. Qd1 Rfe8 13. Ra1 Nxf3+ 14. Bxf3 Bxf3
15. exf3 Qd8 16. b4 c5 17. Ne4 Nxe4 18. fxe4 a5 19. b5 Re6 20. Qg4 Rg6 21. Qf5
Qe7 22. a4 Rb7 23. Rab1 Qf6 24. Qh3 Rb8 25. Rfe1 Rb7 26. Qf1 Be7 1/2-1/2

[Event "Championnats de la Loire jeunes 2011 - P"]
[Site "Roanne"]
[Date "2011.10.23"]
[Round "7.3"]
[White "Millet, Guillaume"]
[Black "Avetikyan, Samuel"]
[Result "0-1"]
[WhiteElo "1099"]
[BlackElo "1099"]
[PlyCount "119"]
[EventDate "2011.??.??"]

1. e4 e5 2. Nf3 Nc6 3. Nc3 Nf6 4. Bc4 h6 5. O-O Bc5 6. h3 O-O 7. Na4 d6 8. Nxc5
dxc5 9. d3 Qe8 10. Re1 Na5 11. a4 a6 12. Bd2 b5 13. axb5 axb5 14. Bd5 Nxd5 15.
exd5 Qd8 16. Bxa5 Rb8 17. d6 Qxd6 18. c3 b4 19. cxb4 cxb4 20. Qd2 Ba6 21. Ra4
c5 22. d4 exd4 23. Nxd4 cxd4 24. Bxb4 Qd7 25. Bxf8 Qxa4 26. Bd6 Rc8 27. Be5 Rc4
28. Qe2 Rc2 29. Qg4 Kf8 30. Bd6+ Kg8 31. Qf5 Bc8 32. Qd3 Bd7 33. b3 Qa2 34. Re7
Rxf2 35. Rxd7 Rxg2+ 36. Kh1 f6 37. Qe4 Rb2 38. Qxd4 Rb1+ 39. Qg1 Rxg1+ 40. Kxg1
Qxb3 41. Rd8+ Kf7 42. Rd7+ Ke6 43. Rd8 Qb6+ 44. Kf1 Qxd8 45. Bf4 Qd1+ 46. Kf2
f5 47. Be3 Qa4 48. Ke2 f4 49. Bf2 Qa2+ 50. Kf1 Ke5 51. Kg1 Ke4 52. Kf1 Kf3 53.
Ke1 Qa5+ 54. Kd1 Qa4+ 55. Kd2 Qb4+ 56. Kd3 Qd6+ 57. Kc4 Kxf2 58. Kc3 Qd5 59.
Kb4 Qc6 60. Kb3 0-1

[Event "Championnats de la Loire jeunes 2011 - P"]
[Site "Roanne"]
[Date "2011.10.23"]
[Round "7.4"]
[White "Labrosse, Enzo"]
[Black "Guillermin, Jules"]
[Result "1-0"]
[WhiteElo "1099"]
[BlackElo "1099"]
[PlyCount "53"]
[EventDate "2011.??.??"]

1. e4 e5 2. Nf3 Bc5 3. Nxe5 Nf6 4. Bc4 O-O 5. Nxf7 d5 6. Nxd8 dxc4 7. Nxb7 Re8
8. Nxc5 Nc6 9. f3 Bd7 10. Nxd7 Nxd7 11. O-O Rad8 12. Nc3 Re5 13. Nd5 Rh5 14. f4
g5 15. Qxh5 Nd4 16. Qxg5+ Kf8 17. Qxd8+ Kf7 18. Qxc7 Ke8 19. Qb7 Nc5 20. Nc7+
Kd7 21. Qxa7 Nxe4 22. Qxd4+ Nd6 23. Re1 Kxc7 24. Re7+ Kc6 25. f5 Nxf5 26. Qf6+
Nd6 27. g4 1-0

[Event "Championnats de la Loire jeunes 2011 - P"]
[Site "Roanne"]
[Date "2011.10.23"]
[Round "7.5"]
[White "Malchere, Lenny"]
[Black "Lempereur, Theo"]
[Result "0-1"]
[WhiteElo "1099"]
[BlackElo "1099"]
[PlyCount "70"]
[EventDate "2011.??.??"]

1. e4 e5 2. Nc3 Nf6 3. Nf3 Nc6 4. Bb5 Bb4 5. Bxc6 bxc6 6. Nxe5 Bxc3 7. O-O Bxe5
8. Qf3 Ba6 9. d3 Qe7 10. Qf5 Rb8 11. c4 g6 12. Qg5 h6 13. Qxh6 Rxh6 14. Bxh6
Ng8 15. Be3 Rxb2 16. Bxa7 Rd2 17. Rfd1 Rxd1+ 18. Rxd1 Qg5 19. Rf1 Qf4 20. g3
Qf3 21. a4 f5 22. d4 Bxc4 23. dxe5 Bxf1 24. Kxf1 Qh1+ 25. Ke2 Qxe4+ 26. Kd2
Qb4+ 27. Ke2 Qxa4 28. Bd4 Qb3 29. Kd2 Qb4+ 30. Bc3 Qb5 31. h3 Qd5+ 32. Kc2 Qe4+
33. Kb3 Ne7 34. g4 Nd5 35. Bd2 Qd3+ 0-1